000 00297nam a22001337a 4500
008 170411b xxu||||| |||| 00| 0 eng d
020 _a9781416060505
041 _aeng
080 _a618
100 _a10
101 _aSHM
245 _aCLINICS GERIATRIC MEDICINE
_cGAMMACK.K
942 _2udc
_cBK
999 _c10388
_d10388